[Event "Barcelona Sant Marti op-B 25th"]
[Site "Barcelona"]
[Date "2025.07.19"]
[Round "7"]
[White "Riera Miralles, Vicente Julian"]
[Black "Gabaldon Escagedo, Eloy"]
[Result "0-1"]
[WhiteElo "1640"]
[BlackElo "1770"]
[PlyCount "70"]
[EventDate "2025.07.13"]
[EventType "swiss"]
[EventRounds "9"]
[EventCountry "ESP"]
[SourceTitle "CB30_2025"]
[SourceDate "2025.07.23"]
[SourceVersion "1"]
[SourceVersionDate "2025.07.23"]
[SourceQuality "1"]

1. e4 e6 2. d4 d5 3. exd5 exd5 4. Nf3 Bg4 5. h3 Bh5 6. Be2 Bd6 7. 0-0 Ne7 8. Bg5 f6 9. Be3 Nbc6 10. c3 Qd7 11. b4 g5 12. Nh2 Bxe2 13. Qxe2 h5 14. f4 Qe6 15. Qf2 g4 16. h4 Nf5 17. g3 0-0-0 18. Re1 Nxh4 19. gxh4 g3 20. Qf3 gxh2+ 21. Kxh2 Rhg8 22. Bf2 Qf5 23. Be3 Rg4 24. Nd2 Rxh4+ 25. Kg2 Rg8+ 26. Kf1 Qd3+ 27. Qe2 Rh1+ 28. Kf2 Rh2+ 29. Kf3 Rxe2 30. Rxe2 Bxf4 31. Rae1 Bxe3 32. Rxe3 Qxd2 33. R1e2 Qd1 34. Kf2 Qg1+ 35. Kf3 Qg3# 0-1

[Event "Barcelona Sant Marti op-B 25th"]
[Site "Barcelona"]
[Date "2025.07.15"]
[Round "3"]
[White "Uddin Khanam, Ayan"]
[Black "Gabaldon Escagedo, Eloy"]
[Result "1-0"]
[WhiteElo "1862"]
[BlackElo "1770"]
[PlyCount "99"]
[EventDate "2025.07.13"]
[EventType "swiss"]
[EventRounds "9"]
[EventCountry "ESP"]
[SourceTitle "CB30_2025"]
[SourceDate "2025.07.23"]
[SourceVersion "1"]
[SourceVersionDate "2025.07.23"]
[SourceQuality "1"]

1. e4 e6 2. d4 d5 3. Bd3 dxe4 4. Bxe4 Nf6 5. Bf3 Be7 6. Ne2 0-0 7. 0-0 Nbd7 8. Be3 e5 9. Nbc3 Re8 10. Qd3 exd4 11. Bxd4 c5 12. Bxf6 Bxf6 13. Kh1 Bxc3 14. Nxc3 Qe7 15. Nd5 Qd6 16. Rfe1 Ne5 17. Rad1 Bg4 18. Rxe5 Qxe5 19. Bxg4 Qe1+ 20. Qf1 Qe5 21. Bf3 Rad8 22. c3 Rd6 23. Ne3 Rdd8 24. Rxd8 Rxd8 25. Bxb7 Qb8 26. Qa6 Rd6 27. Bc6 Qc7 28. Nd5 Re6 29. g3 Qd8 30. Qb7 g6 31. Qa8 Qxa8 32. Bxa8 Re2 33. Kg2 Rxb2 34. a4 Ra2 35. Bc6 f5 36. Ne7+ Kg7 37. Nc8 a6 38. Nb6 Kf6 39. Bd5 Rc2 40. c4 Ke7 41. Bb7 a5 42. Bc6 Kd6 43. Bb5 Rb2 44. Nd5 Ke5 45. Ne7 Kf6 46. Nc6 g5 47. Nxa5 Ke5 48. Nb7 h5 49. Nxc5 Kd4 50. Ne6+ 1-0

[Event "Barcelona Sant Marti op-B 25th"]
[Site "Barcelona"]
[Date "2025.07.13"]
[Round "1"]
[White "Morales Gesti, Jose Narciso"]
[Black "Gabaldon Escagedo, Eloy"]
[Result "0-1"]
[WhiteElo "1427"]
[BlackElo "1770"]
[PlyCount "36"]
[EventDate "2025.07.13"]
[EventType "swiss"]
[EventRounds "9"]
[EventCountry "ESP"]
[SourceTitle "CB30_2025"]
[SourceDate "2025.07.23"]
[SourceVersion "1"]
[SourceVersionDate "2025.07.23"]
[SourceQuality "1"]

1. g3 d5 2. Bh3 Bxh3 3. Nxh3 e5 4. e3 Nf6 5. Nc3 d4 6. exd4 exd4 7. Ne2 Be7 8. d3 0-0 9. Bg5 Qd5 10. 0-0 Nbd7 11. Nhf4 Qxg5 12. Nxd4 Bd6 13. Nf3 Qh6 14. Kg2 Bxf4 15. gxf4 Nh5 16. f5 Nf4+ 17. Kh1 Qh3 18. Nd4 Qg2# 0-1